| 000 | 00630nam a2200229 a 4500 | ||
|---|---|---|---|
| 001 | 13423 | ||
| 003 | BD-JhCC | ||
| 005 | 20230923133712.0 | ||
| 008 | 230917b2022 bg |||| ||a| 001 0 b d | ||
| 020 | _a9789849598381 | ||
| 035 | _a(BD-JhCC)13423 | ||
| 040 |
_aBD-JhCC _dBD-JhCC |
||
| 041 | _abengali | ||
| 082 | _bHAM 2022 | ||
| 100 | _aহামিদ, মো: আব্দুল | ||
| 245 |
_aসুখের অসুখ / _cমো: আব্দুল হামিদ। |
||
| 260 |
_aঢাকা: _bআদর্শ; _c2022. |
||
| 300 |
_a231 p. : _c20 cm. |
||
| 651 | _aphilosophy | ||
| 942 |
_2ddc _cBK |
||
| 999 |
_c13423 _d13423 |
||